| 000 | 00938nam a22002777a 4500 | ||
|---|---|---|---|
| 003 | DO-SdBNP | ||
| 005 | 20240524124746.0 | ||
| 008 | 151117b 2002 it | 00| 0 spa d | ||
| 020 | _a88884050602 | ||
| 040 |
_aBPMSU _bspa _cBPMSU |
||
| 041 | 1 | 7 |
_aspa _hita |
| 082 | 4 |
_a853.91 _bE59c 2002 _222 |
|
| 100 | 1 | _aEnna, Francesco | |
| 245 | 1 | 0 |
_aCuentos junto a la lumbre : _bhistorias y leyendas de Cerdeña / _cFrancesco Enna; traducción de Gabriel Andrés; ilustraciones de Bruno Enna. |
| 260 |
_aItalia : _bArci Solidarieta Cesenate, _c2002. |
||
| 300 |
_a62 p. : _bil. ; _c17 cm. |
||
| 490 | 0 |
_aUn mar de suenos, _v7 |
|
| 590 | _aInventariado, 2024/VM | ||
| 650 | 4 | _aCuentos juveniles | |
| 651 |
_aCerdeña (Italia) _xDescripción _vCuentos. |
||
| 700 | 1 |
_aAndrés, Gabriel, _etraductor |
|
| 700 | 1 |
_aPaba, Tonina, _eedición |
|
| 700 | 1 | 2 |
_aEnna, Bruno, _eil. |
| 910 | _a VMateo V. Control de calidad. BPMSU | ||
| 942 |
_2ddc _cBK |
||
| 999 |
_c8751 _d8751 |
||